Filosofía de la historia

Gardado en:
Detalles Bibliográficos
Autor Principal: Mate Rupérez, Manuel-Reyes (autor)
Formato: Libro
Idioma:Lingua castelá
Publicado: Madrid Trotta 1993
Edición:1a. ed
Series:Enciclopedia Iberoamericana de Filosofía, 5
Subjects:
Tags: Engadir etiqueta
Sen Etiquetas, Sexa o primeiro en etiquetar este rexistro!

MARC

LEADER 00000cam a2200000 a 4500
001 UCR7470
003 CL-VaPUC
008 980515e19930000SP |||||||||||||||||spa|d
020 |a 8487699790 
082 0 4 |a 901  |b MAT  |2 21 
100 |a Mate Rupérez, Manuel-Reyes  |e autor  |9 591283 
245 1 0 |a Filosofía de la historia 
250 |a 1a. ed 
300 |a 308 p 
942 |c BK 
945 |d 19980515 00:00:00  |a mvenant 
260 |a Madrid  |b Trotta  |c 1993 
650 0 |a Filosofía de la historia  |9 265651 
583 |a last modification  |c 20150731 04:06:21  |k Rodrigo Vera 
490 0 |a Enciclopedia Iberoamericana de Filosofía, 5 
999 |c 269081  |d 269079 
952 |0 0  |1 0  |4 0  |6 901_000000000000000_MAT_1993  |7 0  |8 A  |9 302699  |a BIBEDU  |b BIBEDU  |d 2019-11-20  |i 3427390  |o 901 MAT 1993  |p 3427390  |r 2019-11-20  |w 2019-11-20  |y BK  |k FIL 
952 |0 0  |1 0  |3 erb  |4 0  |6 901_000000000000000_MAT_1993  |7 0  |8 A  |9 302700  |a BIBEDU  |b BIBEDU  |i 5192927  |o 901 MAT 1993  |p 5192927  |r 2019-11-20  |w 2019-11-20  |y BK  |z Catalogado en:20150806  |k FIL